Principles of electricity and electromagnetism

Uloženo v:
Podrobná bibliografie
Hlavní autor: Harnwell, Gaylord P (Autor)
Médium: Kniha
Jazyk:angličtina
Vydáno: Nueva York McGraw-Hill 1949
Vydání:2a. ed
Edice:International Series in Pure and Applied Physics
Témata:
Tagy: Přidat tag
Žádné tagy, Buďte první, kdo vytvoří štítek k tomuto záznamu!

MARC

LEADER 00000nam a2200000 a 4500
001 UCT2187
003 CL-VaPUC
008 961011e19490000US |||||||||||||||||eng|d
082 0 4 |a 537  |b HAR  |2 21 
100 |a Harnwell, Gaylord P  |e author  |9 371244 
245 1 0 |a Principles of electricity and electromagnetism 
250 |a 2a. ed 
300 |a 670 p 
942 |c BK 
945 |d 19961011 00:00:00  |a cmena 
260 |a Nueva York  |b McGraw-Hill  |c 1949 
650 0 |a Electricidad  |9 260222 
650 0 |a Magnetismo  |9 260336 
650 0 |a Electromagnetismo   |9 260123 
650 0 |a Física   |9 227844 
650 7 |a CAMPOS ELECTROMAGNETICOS  |2 CL-VaPUC  |9 264139 
650 0 |a Corrientes eléctricas   |9 354960 
650 7 |a CORRIENTES ALTERNAS  |2 CL-VaPUC  |9 263344 
583 |a last modification  |c 19961011 00:00:00  |k Rodrigo Vera 
490 0 |a International Series in Pure and Applied Physics 
999 |c 252410  |d 252408